Čína veľmoc vo vývoji

Bibliographic Details
Main Author: Brzica, Daneš, 1962- (Author)
Format: Article
Language:Slovak
Subjects:

MARC

LEADER 00000nab a2200000 a 4500
001 vtls000582987
003 SK-MaSNL
005 20260304084604.0
008 250425c1995 xo 0 slo
015 |a SNBRB19rr/mm-uuuuu 
035 |a CL0583126 
035 |a urn:nbn:sk:snk-ab7axa 
035 |a (uuid)736c7852-e17b-46da-81b8-334bb3b3d604 
035 |a (urnnbn)urn:nbn:sk:snk:ar-a07e8q 
035 |a (sysno)vtls000582987 
040 |a SNKBUCL  |b slo  |c SNKBUCL  |e AACR2 
041 0 |a slo 
044 |a xo  |c SK 
080 |a 338.24(510)  |2 1981 
080 |a 327(510)  |2 1981 
100 1 |a Brzica, Daneš,  |d 1962-  |4 aut  |9 151941 
245 1 0 |a Čína veľmoc vo vývoji  |c Daneš Brzica 
300 |b Lit. 16 zázn. v angl. a češ. 
650 0 7 |a ekonomika  |2 snkbucl  |9 789 
650 0 7 |a zahraničná politika  |2 snkbucl  |9 971 
651 7 |a Čína  |2 snkbucl  |9 21369 
655 7 |a články z novín a časopisov  |2 snkbucl  |9 267496 
773 0 |t Medzinárodné otázky  |g Roč. 4, č. 4 (1995), s. 39-64 
850 |a Slovenská národná knižnica 
852 |a Slovenská národná knižnica 
954 |a odborná, vedecká literatúra pôvodná (slovenská)  |2 lita 
958 |a article2022 
958 |a OND 
958 |a NB 
958 |a RK 
958 |a EUIPO 
992 |a RBX 
999 |c 2804113  |d 2806043